00718nam a2200205 a 450000100100000000500170001000800410002704000250006808200170009310000300011024500430014026000680018330000210025165000240027265000220029665000470031804900090036595201210037499900170049500002508620240510073819.0110209s1957 xxu r 000 j spa d aDO-SdBNPbspacBNPHU a248.4bP436g1 aPereira Alves, A.,94031510aGotas de mi pluma /cA. Pereira Alves. aTexas, Estados Unidos :bCasa Bautista de Publicaciones,c1957. a110 p. ;c17 cm. 0aVida cristiana9668 4aMeditación9687 4aVida espiritualxRelatos personales951477 aBNGR 001054708MOaGRbGRcCTd2011-02-09iLF1l0o248.4 P436gp25086-10r2020-06-25w2020-06-25y4ZPréstamo en sala c24579d24579